| 000 | 00699nam a2200205Ia 4500 | ||
|---|---|---|---|
| 001 | 17583 | ||
| 003 | GE_BSU | ||
| 008 | 181216s||||||||xx |||||||||||||| ||und|| | ||
| 040 | _cGE_BSU | ||
| 245 | _aკავკასიონზე : კრებული | ||
| 245 | _cშემდგ.:დ.ფურცელაძე;რედ.:ნ.კეცხოველი;მხატვ.:ო.ჯიშკარიანი | ||
| 260 | _aთბილისი | ||
| 260 | _bსაბჭ.საქართველო | ||
| 260 | _c1959 | ||
| 300 | _a374გვ.;24სმ | ||
| 300 | _e16 ფურც. ილ. | ||
| 653 | _aალპინიზმი | ||
| 653 | _aკრებული | ||
| 942 | _cBK | ||
| 999 |
_c50633 _d50633 |
||